00000000nam##2200000za#4500
0019.666924
003CaOODSP
00520200330100258
007ta
008150407|2004||||xxc|||||     f|0| 0 fre|d
040 |aCaOODSP|bfre
041 |aeng
041 |afre
043 |an-cn---
0861 |aSW21-125/2004
1101 |aCanada. |bCondition féminine Canada.
24510|aQu'est-ce que l'ACS?
2463 |aQu'est-ce que l'analyse comparative entre les sexes?
260 |aOttawa - Ontario : |bCondition féminine Canada |c[2004].
300 |aTexte français, 3p. ; |c28 cm.
563 |aDépliant
69107|aÉlaboration des politiques|2gcpds
69107|aÉgalité des sexes|2gcpds
7760#|tQu'est-ce que l'ACS? |w(CaOODSP)9.632258
7760#|tWhat is GBA? |w(CaOODSP)9.687818
791 |tWhat is GBA? |eeng|w(CaOODSP)9.666923